1595 1519 1406 1743 1658 1534 1779 1863 1561 1409 1053 1787 1258 1690 1666 1339 1035 1140 1993 1818 1875 1493 1129 1558 1247 1470 1593 1118 1501 1700 1134 1427 1898 1611 1451 1541 1780 1981 1389 1599 1506 1938 1327 1949 1864 1995 1689 1167 1990 1477 1207 1767 1050 1897 1286 1075 1564 1890 1067 1719 1487 1929 1136 1762 1875 1567 1255 1069 1081 1746 1460 1158 1834 1916 1887 1833 1348 1550 1857 1611 1550 1814 1511 1111 1848 1961 1678 1332 1167 1413 1882 1427 1006 1715 1289 1596 1503 1645 1291 BCNSPRNW ULIB Ver.6.0+V

เปลี่ยนเป็นภาษาไทย

Change to English
 แสดงรายละเอียดบรรณานุกรม
  กลับหน้าหลัก

Brief Record : Get Marc (ISO 2709) : E-mail record : QR code < ปิดหน้าต่าง
LEADER : 00000nam 2200000uu 4500
001    13399129199
003     ULIB
008    260511s2568||||th 000 0 tha d
020 ^  ^a9789740343783
060 0  ^aWY106^bป571ร
100 ^  ^aปาหนัน กนกวงศ์นุวัฒน์
245 1  ^aระบบสุขภาพยุคใหม่กับการพยาบาลชุมชนในยุคดิจิทัล /^cปาหนัน กนกวงศ์นุวัฒน์.
250 ^  ^aพิมพ์ครั้งที่ 1.
260 ^  ^aกรุงเทพฯ :^bสำนักพิมพ์จุฬาลงกรณ์มหาวิทยาลัย,^c2568
300 ^  ^a144 หน้า ;^c26 ซม
505 2  ^aแนวคิดระบบสุขภาพ -- แนวโน้มของสังคมที่ส่งผลต่อพยาบาลชุมชน -- นโยบายแผนพัฒนาสุขภาพและกฎหมายที่เกี่ยวข้อง -- ทักษะดิจิทัลสำหรับพยาบาลชุมชน -- การเตรียมความพร้อมของพยบาลชุมชนในยุคดิจิทัล.
650 ^  ^aการพยาบาลอนามัยชุมชน.
650 ^  ^aบริการอนามัยชุมชน.
999    ^aประนอม เกษจรัล
รายการนี้ยังไม่มีแท็ก
คุณยังไม่ได้ล็อกอิน คุณสามารถมีกิจกรรมร่วมกับเว็บไซต์ได้ แต่ต้องล็อกอินก่อน ::
  ล็อกอิน

รายการสื่อสารสนเทศ

ลำดับที่ ประเภท เลขเรียก/บาร์โค้ด สถานที่ สถานะ
1. Book การพยาบาล
หนังสือสำรอง
สถานะ=หนังสือสำรอง
WY106 ป571ร ฉ.1 
  Barcode: 012128
ห้องสมุดวิทยาเขตสวรรค์ประชารักษ์
►หนังสือทั่วไป
บนชั้น
2. Book การพยาบาล
Book การพยาบาล
WY106 ป571ร ฉ.2 
  Barcode: 012129
ห้องสมุดวิทยาเขตสวรรค์ประชารักษ์
►หนังสือทั่วไป
บนชั้น
3. Book การพยาบาล
Book การพยาบาล
WY106 ป571ร ฉ.3 
  Barcode: 012130
ห้องสมุดวิทยาเขตสวรรค์ประชารักษ์
►หนังสือทั่วไป
บนชั้น
4. Book การพยาบาล
Book การพยาบาล
WY106 ป571ร ฉ.4 
  Barcode: 012131
ห้องสมุดวิทยาเขตสวรรค์ประชารักษ์
►หนังสือทั่วไป
บนชั้น
5. Book การพยาบาล
Book การพยาบาล
WY106 ป571ร ฉ.5 
  Barcode: 012132
ห้องสมุดวิทยาเขตสวรรค์ประชารักษ์
►หนังสือทั่วไป
บนชั้น

รายการใกล้เคียง
    ผู้แต่ง [ปาหนัน กนกวงศ์นุวัฒน์]

    หัวเรื่อง [การพยาบาลอนามัยชุมชน.]
    หัวเรื่อง [บริการอนามัยชุมชน.]

BibComment


ยังไม่เคยถูกคอมเมนท์

คอมเมนท์ทรัพยากรรายการนี้
  คอมเมนท์: ระบบสุขภาพยุคใหม..


 Copyright 2026. Bcnsprnw @Library